000 01335cam a2200301 i 4500
001 60589
005 20180714061915.0
008 140415s2002 mx h r 000 0 spa d
020 _a9682320461 (obra completa)
020 _a9682324041 (v. 2)
040 _aMX-PuUPA
_bspa
_erda
_cMx-PuUPA
_dMx-PuUPA
041 _aspa
082 0 _a860.9
_bHIS
245 0 0 _aHistoria de la literatura mexicana :
_bdesde sus orígenes hasta nuestros días /
_ccoordinación de la obra completa Beatriz Garza Cuarón ; coordinadora Raquel Chang-Rodríguez ; Raquel Gonzalbo Aizpuru [y otros veinticuatro].
250 _aPrimera edición
264 1 _aMéxico, D.F. :
_bSiglo xxi Editores,
_c2002
300 _a744 páginas :
_bfacsímiles ;
_c23 cm.
336 _atexto
_2rdacontent
337 _asin mediación
_2rdamedia
338 _avolumen
_2rdacarrier
490 0 _aLingüistica y teoría litararia
583 0 _aDescipción física basada en el volumen 2 de la obra. Integrar los volúmenes faltantes a este registro y modificar la descripción.
505 0 _gv.2.
_tLa cultura en la Nueva España del siglo XVII.
650 4 _aLiteratura mexicana
_xHistoria y crítica
700 1 _aGarza Cuarón, Beatriz,
_eeditor
700 1 _aChang-Rodríguez, Raquel,
_eeditor,
_eautor
700 1 _aGonzalbo Aizpuru, Raquel,
_eautor
999 _c60589
_d60589